Sports Quiz

Random Sports or Hockey Quiz
Score 0/50 Timer 06:00
0 Plays Today
Season Answer % Correct
2015-16Brandon Saad
97.9%
2016-17Cam Atkinson
96.5%
2016-17Cam Atkinson
96.5%
2018-19Cam Atkinson
96.5%
2009-10Rick Nash
95.7%
2009-10Rick Nash
95.7%
2010-11Rick Nash
95.7%
2010-11Rick Nash
95.7%
2010-11Rick Nash
95.7%
2011-12Rick Nash
95.7%
2011-12Rick Nash
95.7%
2017-18Artemi Panarin
92.9%
2017-18Artemi Panarin
92.9%
2017-18Artemi Panarin
92.9%
2017-18Artemi Panarin
92.9%
2018-19Artemi Panarin
92.9%
2018-19Artemi Panarin
92.9%
2014-15Nick Foligno
90.1%
2014-15Nick Foligno
90.1%
2014-15Nick Foligno
90.1%
2017-18Nick Foligno
90.1%
2015-16Matt Calvert
76.6%
2012-13*Vinny Prospal
75.2%
2013-14Ryan Johansen
71.6%
2013-14Ryan Johansen
71.6%
Season Answer % Correct
2014-15Ryan Johansen
71.6%
2015-16Brandon Saad
69.5%
2013-14Brandon Dubinsky
61%
2016-17Brandon Dubinsky
61%
2016-17David Savard
59.6%
2011-12Vinny Prospal
58.9%
2012-13*Vinny Prospal
58.9%
2018-19Pierre-Luc Dubois
55.3%
2015-16Alexander Wennberg
48.9%
2016-17Alexander Wennberg
48.9%
2009-10Jared Boll
42.6%
2012-13*Jared Boll
42.6%
2014-15Jared Boll
42.6%
2018-19Josh Anderson
42.6%
2015-16Scott Hartnell
41.8%
2013-14James Wisniewski
31.9%
2009-10Derek Dorsett
28.4%
2010-11Derek Dorsett
28.4%
2011-12Derek Dorsett
28.4%
2009-10Kristian Huselius
21.3%
2012-13*Mark Letestu
13.5%
2010-11Derek MacKenzie
11.3%
2011-12Derek MacKenzie
11.3%
2012-13*Dalton Prout
9.9%
2013-14Corey Tropp
6.4%
Remove Ads.
Support Sporcle.
Get the best of Sporcle when you Go Orange. This ad-free experience offers more features, more stats, and more fun while also helping to support Sporcle. Thank you for becoming a member.

You're not logged in!

Compare scores with friends on all Sporcle quizzes.
OR
Log In

Show Comments

Extras

Created Sep 24, 2019ReportNominate
Tags:Hockey Quiz, NHL Quiz

Top Quizzes Today


Score Distribution

Your Account Isn't Verified!

In order to create a playlist on Sporcle, you need to verify the email address you used during registration. Go to your Sporcle Settings to finish the process.

Report this User

Report this user for behavior that violates our Community Guidelines.

Details: